000 01052nam a2200265 a 4500
001 81506
003 BD-RjUL
005 20230605120132.0
008 230604s2014 ii ||||| |||| 00| 0 ben d
020 _a9788129520371 (Vol.1)
035 _a(BD-RjUL)81506
040 _aBD-RjUL
_beng
_cBD-RjUL
041 _aben
082 _223
_a891.44408
_bCHG 2014
100 _aচট্টোপাধ্যায়, শক্তি
_97849
245 1 0 _aগদ্যসংগ্রহ /
_cশক্তি চট্টোপাধ্যায়
246 _aশক্তি চট্টোপাধ্যায়-এর গদ্যসংগ্রহ
250 _a২য় সং.
260 _aকলকাতা :
_bদে’জ পাবলিশিং,
_c২০১৪
300 _aখণ্ড;
_c২২ সেমি.
505 _aখণ্ড.১ম নিরুপমের আখ্যান --
650 _aবাংলা প্রবন্ধ
_xসংগ্রহ
_97850
650 _aBengali essays
_xCollection
_97851
942 _2ddc
_cBK
999 _c81506
_d81506